000 00255nam a2200097Ia 4500
001 726165
005 20250826163423.0
008 250824s9999 xx 000 0 und d
245 0 _aEVDE VE UZAKTA
_cCHRİSTİNE NÖSTLİNGER
260 _bGÜNIŞIĞI KİTAPLIĞI
999 _c726165
_d726165